| 000 | 00539nam a2200229Ia 4500 | ||
|---|---|---|---|
| 008 | 170712s9999 xx 000 0 und d | ||
| 020 | _a9710870661 | ||
| 050 | _a410 | ||
| 050 | _bZ36 2009 | ||
| 100 | _aZarate, Ernie | ||
| 245 | _aMalictionary 3 / | ||
| 245 | _cby Ernie Zarate. | ||
| 260 | _aPhilippines : | ||
| 260 | _bNational Book Store, | ||
| 260 | _c2009 | ||
| 300 | _a124 pages : | ||
| 300 | _billustrations ; | ||
| 300 | _c17cm. | ||
| 500 | _aIncludes bibliography. | ||
| 650 | _aLinguistics. | ||
| 650 | _aTitle. | ||
| 999 |
_c340445 _d340445 |
||